| 000 | 00372nam a2200121 a 4500 | ||
|---|---|---|---|
| 001 | 000038230 | ||
| 005 | 20201002031214.0 | ||
| 008 | 130404s2008 dr 000 0 spa d | ||
| 040 |
_aDO-SdBNP _bspa _cBNPHU |
||
| 245 | 0 | 0 | _aAvance hacia la energía nuclear. |
| 260 |
_aSanto Domingo : _bComisión Nacional de Energía (CNE), _c2008. |
||
| 300 |
_a359 p. : _bil., gráf. ; _c24 cm. |
||
| 999 |
_c37720 _d37720 |
||